000 00567nam a2200181Ia 4500
005 20250508153953.0
008 008 250505s9999 xx 000 0 eng d
037 _aTextual
040 _aFEDL
_beng
_cFEDL
041 _aeng
_2eng
084 _a379, UNI
_qFEDL
245 0 _aMinistries of education: Their functions and organization
245 0 _cU S Department of Health, Education and Welfare
260 _aWashington, USA
_bU.S. Government Printing Office
_c1962
300 _axvii,684p
942 _cTEXL
_h379, UNI
999 _c1346714
_d1346714